[Event "GER-chT Lands U20"]
[Site "Hannover"]
[Date "2012.09.29"]
[Round "1.8"]
[White "Cejda, Cecilia"]
[Black "Lohrmann, Tabea"]
[Result "1/2-1/2"]
[WhiteElo "1495"]
[BlackElo "1449"]
[PlyCount "150"]
[EventDate "2012.09.29"]
[EventType "team-swiss"]
[EventRounds "7"]
[EventCountry "GER"]
[SourceTitle "CBM 150 Extra"]
[Source "ChessBase"]
[SourceDate "2012.10.19"]
[SourceVersion "1"]
[SourceVersionDate "2012.10.19"]
[SourceQuality "1"]
[WhiteTeam "Sachsen Anhalt"]
[BlackTeam "Baden"]
[WhiteTeamCountry "GER"]
[BlackTeamCountry "GER"]

1. e4 e5 2. Nf3 Nc6 3. Bc4 Bc5 4. c3 Nf6 5. d4 exd4 6. cxd4 Bb4+ 7. Bd2 Bxd2+ 8. Nbxd2 d5 9. exd5 Nxd5 10. 0-0 0-0 11. Ne4 Re8 12. Nc3 Be6 13. Ne4 Bg4 14. Nc5 b6 15. Nb3 Qd6 16. Rc1 a6 17. Be2 Nf4 18. Re1 Nxe2+ 19. Rxe2 Bxf3 20. Rxe8+ Rxe8 21. Qxf3 Nxd4 22. Nxd4 Qxd4 23. Qc6 Rd8 24. h3 Qd6 25. Qxc7 Qxc7 26. Rxc7 Kf8 27. Rc6 Rb8 28. Rc7 Ke8 29. Kf1 Rd8 30. Rc6 Ke7 31. Rxb6 Rd6 32. Rb7+ Ke6 33. Ke2 Rd7 34. Rb8 Ra7 35. Rh8 h6 36. Rg8 Rb7 37. b3 g6 38. g4 h5 39. gxh5 gxh5 40. Rh8 Rb5 41. Ra8 a5 42. Kd3 Kd5 43. Rf8 Ke6 44. Kc4 Rb4+ 45. Kd3 Rh4 46. Rh8 Rxh3+ 47. Ke2 Kf5 48. Ra8 h4 49. Rxa5+ Ke6 50. Rh5 f5 51. b4 Rh1 52. b5 Rb1 53. Rxh4 Rxb5 54. Ra4 Rb2+ 55. Kf3 Ke5 56. Ra5+ Kf6 57. Ra7 Rb4 58. a4 Rb3+ 59. Ke2 Ra3 60. Kd2 f4 61. Kc1 Ra2 62. Kd1 Rxf2 63. a5 f3 64. Ke1 Re2+ 65. Kf1 Kg5 66. Rf7 Kg4 67. a6 Ra2 68. a7 Kg3 69. Rg7+ Kf4 70. Rf7+ Ke3 71. Kg1 Ra1+ 72. Kh2 f2 73. Kg2 Rg1+ 74. Kh2 Rg8 75. Re7+ Kf3 1/2-1/2

[Event "GER-ch U12"]
[Site "Oberhof"]
[Date "2012.06.01"]
[Round "10"]
[White "Peters, Theresa"]
[Black "Cejda, Cecilia"]
[Result "0-1"]
[WhiteElo "1070"]
[BlackElo "1330"]
[PlyCount "54"]
[EventDate "2012.05.27"]
[EventType "swiss"]
[EventRounds "11"]
[EventCountry "GER"]
[SourceTitle "CBM 148 Extra"]
[Source "ChessBase"]
[SourceDate "2012.06.22"]
[SourceVersion "1"]
[SourceVersionDate "2012.06.22"]
[SourceQuality "1"]

1. d4 d5 2. e4 dxe4 3. Nc3 Nf6 4. f3 exf3 5. Nxf3 e6 6. Bg5 Be7 7. Bc4 0-0 8. Ne5 b6 9. 0-0 c5 10. Ne2 Qc7 11. Bxf6 Bxf6 12. Ng4 Be7 13. d5 exd5 14. Bxd5 Rd8 15. Ne3 Be6 16. Bxa8 Rxd1 17. Nxd1 Qe5 18. Ndc3 b5 19. Rfe1 b4 20. Nb5 c4 21. Ned4 Qg5 22. Nc7 Bc5 23. Rad1 Bxd4+ 24. Rxd4 Qc5 25. Nxe6 fxe6 26. Ree4 e5 27. Bd5+ Kf8 0-1

[Event "GER-ch U12"]
[Site "Oberhof"]
[Date "2012.05.30"]
[Round "6"]
[White "Riegel, Arinna"]
[Black "Cejda, Cecilia"]
[Result "0-1"]
[WhiteElo "1161"]
[BlackElo "1330"]
[PlyCount "60"]
[EventDate "2012.05.27"]
[EventType "swiss"]
[EventRounds "11"]
[EventCountry "GER"]
[SourceTitle "CBM 148 Extra"]
[Source "ChessBase"]
[SourceDate "2012.06.22"]
[SourceVersion "1"]
[SourceVersionDate "2012.06.22"]
[SourceQuality "1"]

1. e4 e5 2. Nf3 Nc6 3. d4 exd4 4. Nxd4 Bc5 5. Be3 Qf6 6. c3 Nge7 7. Bc4 Qg6 8. Nxc6 Qxc6 9. Bxc5 Qxc5 10. Nd2 Qg5 11. Qf3 0-0 12. Nb3 d6 13. 0-0 Bg4 14. Qg3 Qg6 15. Bd3 Qe6 16. h3 Bh5 17. Nd4 Qd7 18. e5 Rae8 19. exd6 cxd6 20. Nb5 a6 21. Nd4 f5 22. Rfe1 f4 23. Qg5 Bf7 24. Qh4 Bg6 25. Bxg6 Nxg6 26. Qg5 Rxe1+ 27. Rxe1 Ne5 28. Re4 f3 29. g3 Qxh3 30. Nxf3 Nxf3# 0-1